000 00316nam a22001337a 4500
008 180316b xxu||||| |||| 00| 0 eng d
020 _a2900077361333
041 _aeng
080 _a611
100 _a6
101 _aANA
245 _aLaboratory manual for human anatomy& physiology
_cMartin,T.R
942 _2udc
_cBK
999 _c45225
_d45225